000
00310nam a22001337a 4500
020
_a
0-439-80179-6
082
_a
823
_b
WAS/S
100
_a
WASSERMAN, ROBIN
245
_a
UNFABOULOUS SPLIT ENDS
260
_a
UNITED STATES
_b
SCHOLASTIC INC
_c
2005
300
_a
107
650
_a
NOVEL
_z
UNITED STATES
942
_c
BK
999
_c
2509
_d
2509